000 00616nam a2200205Ia 4500
005 20240814023807.0
008 240331s9999 xx 000 0 und d
020 _a0521786967
082 _a401
_bTHE
245 4 _aThe evolutionary emergence of language :
_bSocial function and the origins of linguistic form
260 _aUK
_bCambridge university press
_c2000
300 _axi, 426 p .,
650 _aLanguage
650 _aHuman Evaluation
650 _aLinguistic Anthropology
700 _aKnight, Chris
_eedt
700 _aKennedy- Studdert, Michael
_eedt
700 _aHurford, R. James
_eedt
942 _cL
999 _c2996
_d2996